000 00672nam a2200217Ia 4500
003 GCL
008 140319s9999 xx 000 0 ara d
040 _aGCL /
_cGCL
082 0 4 _a398.22
_bس س
245 1 0 _aسيرة فارس اليمن الملك سيف المجلد الرابع الثالث , والثانى
300 _a318 ص
490 _a
650 0 4 _aالشياطين والجان
650 0 4 _aالادب الشعبى
650 0 4 _aالاغانى الشعبية
650 0 4 _aالخرافات
650 0 4 _aخوارق الطبيعة
650 0 4 _aالفولكلور العربى - تاريخ
650 0 4 _aعين الشيطان
942 _2ddc
_cBK
999 _c39419
_d39419